| 000 | 01181nam a22003617a 4500 | ||
|---|---|---|---|
| 003 | CHAP | ||
| 005 | 20220329140157.0 | ||
| 008 | 971013s1948 r 00010 d | ||
| 010 | _a48123 | ||
| 011 | _a49095 | ||
| 035 | _a53243 | ||
| 040 | _cCHAP | ||
| 082 |
_a980 _bV3 |
||
| 100 | 0 | 0 |
_aVázquez de Espinosa, Antonio. _9120334 |
| 245 | _aCompendio y descripción de las Indias Occidentales | ||
| 260 |
_aWashington : _b(s.e.), _c1948 |
||
| 300 | _a801 p. | ||
| 490 |
_aSmithsonian miscellaneous collections _v; 108 |
||
| 500 | _aPublication 3898 | ||
| 590 |
_aBATCH-UPD _b10 _c20130110 _lUCH01 _h1424 |
||
| 590 |
_aBATCH-UPD _b10 _c20130410 _lUCH01 _h0904 |
||
| 590 |
_aBATCH-UPD _b10 _c20130914 _lUCH01 _h0732 |
||
| 590 |
_aCONVERSION _b10 _c20130109 _lUCH01 _h1326 |
||
| 650 | 1 | 4 |
_aAmerica Latina _xHistoria. _95401 |
| 650 | 1 | 4 |
_aBotánica _xAmérica Latina. _914487 |
| 650 | 1 | 4 |
_aCiencias naturales _zAmérica Latina. _923195 |
| 650 | 1 | 4 |
_aIndios. _957575 |
| 650 | 1 | 4 |
_aZoología _xAmérica Latina. _9124155 |
| 830 | 0 |
_aSmithsonian miscellaneous collections _v; 108 _9107183 |
|
| 901 | _aBK | ||
| 942 | _cLIBRO | ||
| 949 |
_a980 V3 _bBC _cLIBRO _d33724000139929 _eLIBRO _i53243 _si |
||
| 999 |
_c48123 _d48123 |
||